000 00637nam a2200241Ia 4500
003 OSt
005 20220918175053.0
006 a|||||r|||| 00| 0
007 ta
008 220917b |||||||| |||| 00| 0 eng d
024 _a15,546
037 _cTextual
040 _aARTS
_cARTS
_beng
041 _2eng
_aeng
082 _aNA42,99, L4
100 _aMittwer Henry
_952789
245 0 _aArt of Chabana
_b flowers for the tea cermony
260 _aRutland
_bCharles E Tuttle
_c1974
300 _a144p. illus
_ccm.
650 _aARTS
942 _hNA42,99, L4
_cTEXL
_2CC
999 _c155944
_d155944